Southville International School and Colleges
Your cart is empty.
  • Cart
  • Lists
    Public lists Eva Luna New books Lux_list list_1
    Your lists Log in to create your own lists
  • Log in to your account
  • Your cookies
  • Search history
Southville International School and Colleges
  • Advanced search
  • Recent comments
  • Most popular
  • Libraries

Log in to your account

Log in with GOOGLE


If you do not have an external account, but do have a local account, you can still log in:

  1. Home
  2. MARC view: The frog Prince /
Normal view MARC view ISBD view

The frog Prince / (Record no. 355305)

[ view plain ]
MARC details
000 -LEADER
fixed length control field 00319nam a2200133Ia 4500
008 - FIXED-LENGTH DATA ELEMENTS--GENERAL INFORMATION
fixed length control field 180207s9999 xx 000 0 und d
050 ## - LIBRARY OF CONGRESS CALL NUMBER
Item number Z35 1995
100 ## - MAIN ENTRY--PERSONAL NAME
Personal name Zapp.
245 #4 - TITLE STATEMENT
Title The frog Prince /
260 ## - PUBLICATION, DISTRIBUTION, ETC. (IMPRINT)
Name of publisher, distributor, etc Tormont Publications, Inc.,
260 ## - PUBLICATION, DISTRIBUTION, ETC. (IMPRINT)
Date of publication, distribution, etc 1995
300 ## - PHYSICAL DESCRIPTION
Extent unpaged :
300 ## - PHYSICAL DESCRIPTION
Other physical details color illustration ;
Holdings
Withdrawn status Lost status Damaged status Home library Current library Date acquired Total Checkouts Full call number Barcode Date last seen Price effective from Koha item type
      Stonyhurst Southville International School (Malarayat) Stonyhurst Southville International School (Malarayat) 02/07/2018   ER Z35 1995 SSISM4850 02/07/2018 02/07/2018 Books

The frog Prince /

APA

Zapp, .The frog Prince. : Tormont Publications, Inc.

Chicago

Zapp, .The frog Prince. : Tormont Publications, Inc.

Harvard

Zapp, .The frog Prince. : Tormont Publications, Inc.

MLA

Zapp, .: Tormont Publications, Inc. .

  • Place hold
  • Print
  • Cite
  • Add to your cart (remove)
  • Save record
    BIBTEX Dublin Core MARCXML MARC (non-Unicode/MARC-8) MARC (Unicode/UTF-8) MARC (Unicode/UTF-8, Standard) MODS (XML) RIS
  • More searches
    Search for this title in:
    Other Libraries (WorldCat) Other Databases (Google Scholar) Online Stores (Bookfinder.com) Open Library (openlibrary.org)

Exporting to Dublin Core...

SOUTHVILLE LIBRARY

Southville International School and Colleges Library

1281 Tropical Ave. Cor. Luxembourg St., BF Homes International, Las Pinas City

Tel. No. 8256374 / 252358 Loc. 117/146

Powered by Koha